<?xml version="1.0" encoding="UTF-8"?>
<collection xmlns="http://www.loc.gov/MARC21/slim">
 <record>
  <leader>00869cam a2200217 7i4500</leader>
  <controlfield tag="001">0000058221</controlfield>
  <controlfield tag="005">20230915090000.0</controlfield>
  <controlfield tag="007">  Thesis (PhD)</controlfield>
  <controlfield tag="008">230915      eng</controlfield>
  <datafield tag="090" ind1="0" ind2="0">
   <subfield code="a">HG1562.M4 </subfield>
   <subfield code="b">IBR 2018</subfield>
  </datafield>
  <datafield tag="100" ind1="1" ind2="1">
   <subfield code="a">Ibrahim Mohammed Gaddafi </subfield>
   <subfield code="e">author </subfield>
  </datafield>
  <datafield tag="245" ind1="1" ind2="0">
   <subfield code="a">Factors That Influence The Adooption of CSR Towards Sustainability The Nigerian Banking Sector  </subfield>
   <subfield code="c">Ibrahim Mohammed Gaddafi.</subfield>
  </datafield>
  <datafield tag="264" ind1=" " ind2="1">
   <subfield code="a">Nilai: </subfield>
   <subfield code="b">INTI International University, </subfield>
   <subfield code="c">2018.</subfield>
  </datafield>
  <datafield tag="300" ind1=" " ind2=" ">
   <subfield code="a">xii, 325 pages: </subfield>
   <subfield code="b">graphs; </subfield>
   <subfield code="c">30 cm.</subfield>
  </datafield>
  <datafield tag="336" ind1=" " ind2=" ">
   <subfield code="a">text</subfield>
   <subfield code="2">rdacontent</subfield>
  </datafield>
  <datafield tag="337" ind1=" " ind2=" ">
   <subfield code="a">unmediated</subfield>
   <subfield code="2">rdamedia</subfield>
  </datafield>
  <datafield tag="338" ind1=" " ind2=" ">
   <subfield code="a">volume</subfield>
   <subfield code="2">rdacarrier</subfield>
  </datafield>
  <datafield tag="500" ind1="0" ind2="0">
   <subfield code="a">Thesis 10</subfield>
  </datafield>
  <datafield tag="500" ind1="0" ind2="0">
   <subfield code="a">Thesis submitted to the School of Management, INTI International University, Malaysia, In Partial Fullfilment of the Requiremens For the award of Doctor of Philisophy in Management</subfield>
  </datafield>
  <datafield tag="650" ind1="0" ind2="0">
   <subfield code="a">Thesis -- </subfield>
   <subfield code="x">Management </subfield>
  </datafield>
  <datafield tag="650" ind1="0" ind2="0">
   <subfield code="a">Banking </subfield>
  </datafield>
 </record>
</collection>
